| 000 | 00891nam a22002537a 4500 | ||
|---|---|---|---|
| 005 | 20100809112513.0 | ||
| 010 | _aENG-98998 | ||
| 020 |
_a9788120341227 _c550.00 |
||
| 035 | _aEN-82530 | ||
| 037 | _bDBAD/PUB | ||
| 082 | _a658.3 | ||
| 100 |
_aMejia, Luis R. Gomez _99187 |
||
| 245 | m |
_aManaging human resources / _cby Luis R. Gomez, David B. Balkin [and] Robert L. Cardy |
|
| 250 | _a6th ed | ||
| 260 |
_aNew Delhi _bPHI Learning _c2010 |
||
| 270 |
_aM-97, Connaught Circus, _bNew Delhi _e110001 |
||
| 300 |
_axxviii, 654p.: _c28cm (pbk) _bill |
||
| 500 | _aIncludes index | ||
| 650 |
_aPersonal managment _99188 |
||
| 700 |
_aBalkin, David B. _99178 |
||
| 700 |
_aCardy, Robert L. _99179 |
||
| 942 |
_2ddc _cEN _h658.3 _mMEJ |
||
| 999 |
_c40291 _d40291 |
||